LEADER 01645nam a2200337 a 4500 001 000000128300 003 CaOOAMICUS 005 20120928113325.0 008 120403s2011 mnua u000 u eng r 020 $a978-0-8006-0762-3 040 $aPUL$bita 130 0 $aBiblia.$pV.T.$pPsalmi.$nCI-CL.$lInglese.$0(OLS)http://pul/title/41710 245 10$aPsalms 3 :$ba commentary on Psalms 101-150 /$ctranslated and interpreted by Frank-Lothar Hossfeld and Erich Zenger ; English translation by Linda M. Maloney ; edited by Klaus Baltzer. 260 $aMinneapolis :$bFortress Press,$c©2011. 300 $axxii, 712 p. :$bill. ;$c24 cm 490 1 $aHermeneia : a critical and historical commentary on the Bible 500 $aInclude indici. 504 $aBibliografia in nota. 630 04$aBiblia.$pV.T.$pPsalmi.$nCI-CL.$0(OLS)http://pul/subject/26738 700 1 $aBaltzer, Klaus.$0(OLS)http://pul/name/45779 700 1 $aMaloney, Linda M.$0(OLS)http://pul/name/49492 700 1 $aHossfeld, Frank-Lothar.$0(OLS)http://pul/name/34851 700 1 $aZenger, Erich,$d1939-2010.$0(OLS)http://pul/name/31272 830 0$aHermeneia : a critical and historical commentary on the Bible.$0(OLS)http://pul/title/16749 850 $aPUL 852 $aPUL$W1$xSL Religione 1$y3$m6(1) E 72$j148530$qStampati$B147087$CPULBib$Z2$F147087 $H119099 $82 941 1 $a8 996 $6020$a978-0-8006-0762-3$9(OLS)http://pul/number/149386 996 $6245$aPsalms 3 :$ba commentary on Psalms 101-150$9(OLS)http://pul/title/162128 996 $6260$aMinneapolis :$bFortress Press$9(OLS)http://pul/publisher/52703 LEADER 01429nam a2200301 a 4500 001 000000122686 003 CaOOAMICUS 005 20100823133923.0 008 100823t2010 it u000 u ita r 020 $a978-88-311-7378-0 040 $aPUL$bita$dReb 082 04$a194 245 00$aPer un'ermeneutica veritativa :$bstudi in onore di Gaspare Mura /$cIreneusz Wojciech Korzeniowski (a cura di) ; premessa di Gianfranco Ravasi ; testi di: A. Ales Bello [et al.]. 260 $aRoma :$bCittà Nuova,$c©2010. 300 $a443 p. ;$c23 cm 504 $aInclude riferimenti bibliografici ed indice. 600 14$aMura, Gaspare.$0(OLS)http://pul/subject/37142 650 4$aErmeneutica$xStudi.$0(OLS)http://pul/subject/36425 700 1 $aKorzeniowski, Ireneusz,$d1964-$0(OLS)http://pul/name/26695 700 1 $aRavasi, Gianfranco,$ccard.,$d1942-$0(OLS)http://pul/name/17144 700 1 $aAles Bello, Angela,$d1939-$0(OLS)http://pul/name/22845 850 $aPUL 852 $aPUL$W1$xSL Filosofia 3$y81$m194 KORIR 1$j140917$qDDC 21$B139997$CPULBib$Z2$F139997 $H114666 $82 941 1 $a9 996 $6020$a978-88-311-7378-0$9(OLS)http://pul/number/145116 996 $6082$a194$9(OLS)http://pul/classification/382 996 $6245$aPer un'ermeneutica veritativa :$bstudi in onore di Gaspare Mura$9(OLS)http://pul/title/154641 996 $6260$aRoma :$bCittà Nuova$9(OLS)http://pul/publisher/47927